The Hirschfeld Archives (Record no. 66415)
[ view plain ]
| 000 -LEADER | |
|---|---|
| fixed length control field | 01531nam a2200253Ii 4500 |
| 008 - FIXED-LENGTH DATA ELEMENTS--GENERAL INFORMATION | |
| fixed length control field | 221202s xx 000 0 und d |
| 100 1# - MAIN ENTRY--PERSONAL NAME | |
| Personal name | Bauer, Heike, |
| Relator term | author |
| 245 #4 - TITLE STATEMENT | |
| Title | The Hirschfeld Archives |
| 246 ## - VARYING FORM OF TITLE | |
| Title proper/short title | Violence, Death, and Modern Queer Culture |
| 264 ## - PRODUCTION, PUBLICATION, DISTRIBUTION, MANUFACTURE, AND COPYRIGHT NOTICE | |
| Name of producer, publisher, distributor, manufacturer | Temple University Press |
| Date of production, publication, distribution, manufacture, or copyright notice | 2017 |
| 300 ## - PHYSICAL DESCRIPTION | |
| Extent | 1 online resource |
| 336 ## - CONTENT TYPE | |
| Content type term | text |
| Content type code | txt |
| Source | rdacontent |
| 337 ## - MEDIA TYPE | |
| Media type term | computer |
| Media type code | c |
| Source | rdamedia |
| 338 ## - CARRIER TYPE | |
| Carrier type term | online resource |
| Carrier type code | cr |
| Source | rdacarrier |
| 490 ## - SERIES STATEMENT | |
| Series statement | Sexuality Studies |
| 520 ## - SUMMARY, ETC. | |
| Summary, etc. | This work examines how death, suicide and violence shaped modern queer culture, arguing that negative experiences, as much as affirmative subculture formation, influenced the emergence of a collective sense of same-sex identity. Bauer looks for this history of violence in the work and reception of the influential sexologist Magnus Hirschfeld (1868-1935), and through Hirschfeld's work examines the form and collective impact of anti-queer violence in the first half of the twentieth century. Hirschfeld's archive (his library at the Institute for Sexual Sciences in Berlin) was destroyed by the Nazis in 1933, so the archive of Bauer's title is one that she's built from over a hundred published and unpublished books, articles, films and photographs. |
| 653 ## - INDEX TERM--UNCONTROLLED | |
| Uncontrolled term | History |
| 653 ## - INDEX TERM--UNCONTROLLED | |
| Uncontrolled term | Homosexuality |
| 653 ## - INDEX TERM--UNCONTROLLED | |
| Uncontrolled term | Nazism |
| 653 ## - INDEX TERM--UNCONTROLLED | |
| Uncontrolled term | Racism |
| 653 ## - INDEX TERM--UNCONTROLLED | |
| Uncontrolled term | Sexology |
| 856 ## - ELECTRONIC LOCATION AND ACCESS | |
| Uniform Resource Identifier | <a href="https://library.oapen.org/bitstream/20.500.12657/31402/1/628406.pdfhttp://library.oapen.org/handle/20.500.12657/31402">https://library.oapen.org/bitstream/20.500.12657/31402/1/628406.pdfhttp://library.oapen.org/handle/20.500.12657/31402</a> |
| 942 ## - ADDED ENTRY ELEMENTS (KOHA) | |
| Koha item type | E-Book |
| Withdrawn status | Damaged status | Not for loan | Home library | Current library | Date acquired | Total Checkouts | Date last seen | Price effective from | Koha item type |
|---|---|---|---|---|---|---|---|---|---|
| Directory of Open Access Books | Directory of Open Access Books | 11/28/2022 | 11/28/2022 | 11/28/2022 | E-Book |